AH International Schools' Libraries

The solar system / (Record no. 50239)

MARC details
000 -LEADER
fixed length control field 00278nam a2200109 4500
020 ## - INTERNATIONAL STANDARD BOOK NUMBER
International Standard Book Number 9781409514244
100 ## - MAIN ENTRY--PERSONAL NAME
Personal name Bone, Emily
9 (RLIN) 57088
245 ## - TITLE STATEMENT
Title The solar system /
Statement of responsibility, etc Emily Bone
260 ## - PUBLICATION, DISTRIBUTION, ETC. (IMPRINT)
Place of publication, distribution, etc London
Name of publisher, distributor, etc Usborne House
Date of publication, distribution, etc 2010
300 ## - PHYSICAL DESCRIPTION
Extent 32 p.
Other physical details col. ill.
Dimensions 21 cm.
942 ## - ADDED ENTRY ELEMENTS (KOHA)
Source of classification or shelving scheme
Koha item type Book
Holdings
Withdrawn status Lost status Source of classification or shelving scheme Damaged status Not for loan Collection code Home library Current library Date acquired Total Checkouts Full call number Barcode Date last seen Price effective from Koha item type
          Non-Fiction Asian Hope Early Years Library Asian Hope Early Years Library 03/09/2026   520 BON 208015 03/09/2026 03/09/2026 Book

For any Logos Library related questions please contact Miss Art at swongnarasuk@asianhope.org.

For any Asian Hope Library related questions please contact Miss Raza at graza@asianhope.org.

Powered by Koha